Obras completas de Aurelio Prudencio.
Gespeichert in:
| 1. Verfasser: | |
|---|---|
| Weitere Verfasser: | , |
| Format: | Buch |
| Sprache: | Latein Spanisch |
| Veröffentlicht: |
Madrid, España:
Biblioteca de Autores Cristianos,
1950.
|
| Ausgabe: | Edición bilingüe. |
| Schriftenreihe: | Biblioteca de Autores Cristianos
|
| Schlagworte: | |
| Tags: |
Tag hinzufügen
Keine Tags, Fügen Sie den ersten Tag hinzu!
|
MARC
| LEADER | 00000cam a2200000 a 4500 | ||
|---|---|---|---|
| 001 | UCL5732 | ||
| 003 | CL-VaPUC | ||
| 005 | 20231113161413.0 | ||
| 008 | 040319e19500000SP |||||||||||||||||lat|d | ||
| 999 | |c 308161 |d 308159 | ||
| 040 | |c Pontificia Universidad Católica de Valparaíso | ||
| 041 | 0 | 7 | |a lat |2 CL-VaPUC |
| 041 | 0 | 7 | |a spa |2 CL-VaPUC |
| 082 | 0 | 4 | |a 871.01 PRU 1950 |2 22 |
| 100 | |9 324654 |a Prudencio Clemente, Aurelio |e autor | ||
| 245 | 1 | 0 | |a Obras completas de Aurelio Prudencio. |
| 250 | |a Edición bilingüe. | ||
| 260 | |a Madrid, España: |b Biblioteca de Autores Cristianos, |c 1950. | ||
| 300 | |a 825 páginas. | ||
| 490 | 0 | |a Biblioteca de Autores Cristianos | |
| 505 | |a Prefacio. Catemérinin. Apoteosis. Hamartigenia. Psicomaquia. Contra Simaco. Preistéfanon. Ditoqueo. Epílogo. | ||
| 583 | |a last modification |c 20150713 09:49:34 |k Rodrigo Vera | ||
| 650 | 0 | |a Poetas latinos |9 350304 |v Crítica e interpretación | |
| 650 | 0 | |a Literatura religiosa |9 266283 |x Cristianismo | |
| 650 | 0 | |a Literatura cristiana |9 402861 |x Poesías latinas | |
| 700 | |9 885759 |a Guillén, José |e versión e introducciones particulares | ||
| 700 | |9 885760 |a Rodríguez, Isidoro, |c O.F.M. |e introducción general, comentarios, índices y bibliografía | ||
| 942 | |c BK |2 ddc | ||
| 945 | |d 20040319 00:00:00 |a vberengu | ||
| 952 | |0 0 |1 0 |2 ddc |4 0 |6 871_010000000000000_PRU_1950 |7 0 |8 A |9 374440 |a BIBTEO |b BIBTEO |d 2019-11-21 |i 2106337 |o 871.01 PRU 1950 |p 2106337 |r 2025-01-17 |w 2019-11-21 |y BK |k ICR | ||
| 952 | |0 0 |1 0 |2 ddc |3 erd |4 0 |6 871_010000000000000_PRU_1950 |7 0 |8 A |9 374441 |a BIBTEO |b BIBTEO |e Villagrán Garnham, Jorge |i 5180996 |o 871.01 PRU 1950 |p 5180996 |r 2025-01-17 |w 2019-11-21 |y BK |z Catalogado en:20150728 |k ICR | ||